Soutmitra Chatterjee A life in Cinema, Theatre, Poetry & Painting: (Record no. 182950)

MARC details
000 -LEADER
fixed length control field 00648 a2200193 4500
005 - DATE AND TIME OF LATEST TRANSACTION
control field 20220222112548.0
010 ## - LCCN (DPL NO)
LC control number ENG-130287
020 ## - INTERNATIONAL STANDARD BOOK NUMBER
International Standard Book Number 978-93-89136-76-0
Terms of availability 1250.00
035 ## - SYSTEM CONTROL NUMBER
System control number EN-113819
037 ## - SOURCE OF ACQUISITION
Source of stock number/acquisition DBAD / PUB
082 ## - DEWEY DECIMAL CLASSIFICATION NUMBER
Classification number 791.43095414
100 ## - MAIN ENTRY--PERSONAL NAME
Personal name Sengupta, Arjun
245 ## - TITLE STATEMENT
Title Soutmitra Chatterjee A life in Cinema, Theatre, Poetry & Painting:
Statement of responsibility, etc Arjun Sengupta
260 ## - PUBLICATION, DISTRIBUTION, ETC. (IMPRINT)
Name of publisher, distributor, etc Niyogi Books
Date of publication, distribution, etc 2021
Place of publication, distribution, etc New Delhi
270 ## - ADDRESS
Electronic mail address niyogibooks@gmail.com
Address D-78, Okhla Industrial Area, Phase-I
City New Delhi
Postal code 110020
300 ## - PHYSICAL DESCRIPTION
Extent 186p.
Dimensions 24cm (hbk)
700 ## - ADDED ENTRY--PERSONAL NAME
Personal name Mukherjee, Partha
942 ## - ADDED ENTRY ELEMENTS (KOHA)
Institution code [OBSOLETE] dpl
Item type English Books
Source of classification or shelving scheme Dewey Decimal Classification
Classification part 791.43095414
Call number suffix SEN
Holdings
Withdrawn status Lost status Not for loan Collection code Home library Current library Date acquired Source of acquisition Cost, normal purchase price Full call number Barcode Copy number Cost, replacement price Koha item type
      Non-fiction Ashok Vihar Ashok Vihar 10/12/2021 DBAD/PUB 1250.00 791.43095414 SEN EN-113819 1 1250.00 English Books

© Delhi Public Library
Hit Counter
free hit counter